Pokémon Go: Highest Total Damage by Type #3 - Statistics

General Stats
  • This quiz has been taken 8 times
    6 since last reset
  • The average score is 22 of 30
Answer Stats
Type TDO Pokémon Region % Correct
Electric 405.2 Electivire Sinnoh
100%
Electric 522 Raikou Johto
100%
Ice 494.9 Regice Hoenn
100%
Electric 485.5 Zapdos Kanto
100%
Ice 445.6 Articuno Kanto
75%
Fairy 332.8 Clefable Kanto
75%
Dark 477.7 Darkrai Sinnoh
75%
Dragon 599 Dialga Sinnoh
75%
Dragon 630.3 Garchomp Sinnoh
75%
Fairy 414.4 Gardevoir Hoenn
75%
Dragon 597.1 Giratina (Altered) Sinnoh
75%
Dragon 663.9 Giratina (Origin) Sinnoh
75%
Fairy 315.5 Granbull Johto
75%
Psychic 604.2 Jirachi Hoenn
75%
Ice 414.1 Lapras Kanto
75%
Psychic 741.9 Lugia Johto
75%
Electric 447.6 Magnezone Sinnoh
75%
Ice 459.9 Mamoswine Sinnoh
75%
Psychic 654.9 Mewtwo Kanto
75%
Dark 398.9 Muk Alola
75%
Fairy 305.7 Ninetales Alola
75%
Dragon 583.2 Palkia Sinnoh
75%
Fairy 486.9 Togekiss Sinnoh
75%
Dark 539.9 Tyranitar Johto
75%
Ice 409.7 Glaceon Sinnoh
50%
Electric 435.7 Golem Alola
50%
Dark 479.4 Hydreigon Unova
50%
Psychic 621.7 Metagross Hoenn
50%
Dark 400.9 Weavile Sinnoh
50%
Psychic 600 Armored Mewtwo Kanto
0%
No matching quizzes found
Score Distribution
Percent of People with Each Score
Percentile by Number Answered
Your Score History
You have not taken this quiz since the last reset